000 00914nas a2200301 4500
001 BR2013008571
003 BR-BrBNA
005 20231205123126.0
007 ta
008 230509b bl.|||p| |||| 00| 00por d
040 _aBR-BrBNA
_bpor
_cBiblioteca Nacional de Agricultura
041 _a(Pt)
072 _aF61
100 1 _aKurihara, C.H.
100 1 _aVenegas, V.H.A.
100 1 _aNeves, J.C.L.
100 1 _aNovais, R.F. de
100 1 _aStaut, L.A.
245 1 _aFaixas de suficiência para teores foliares de nutrientes em algodão e em soja, definidas em função de índices DRIS
650 _aALGODÃO
650 _aSOJA
650 _aESTADO NUTRICIONAL
650 _aNUTRIENTE
650 _aDIAGNOSE FOLIAR
773 0 _tRevista Ceres (Brazil)
_xISSN 0034-737X
_g(May-Jun 2013), v. 60(3) p. 412-419
_wBR2013008571
909 _a202311
_bLúcia
_c55
_dLúcia Elande
942 _2AGRIS
_n0
_cANA
999 _c232301
_d232301